000 00615cam a22002297a 4500
999 _c8511
_d8511
001 4829847
003 GZU
005 20210520120250.0
008 890629s1982 enk 000 0 eng
010 _a 89871112
020 _a0333333187 (pbk.)
020 _a0333333179 (hard)
040 _aDLC
_cDLC
_dDLC
050 0 0 _aPR9391
_bOVB1982
100 1 _aOvbiagele, Helen.
245 1 2 _aA fresh start /
_cHelen Ovbiagele.
260 _aLondon :
_bMacmillan,
_c1982.
300 _a118 p. ;
_c18 cm.
490 0 _aPacesetters
906 _a7
_bcbc
_corignew
_du
_encip
_f19
_gy-gencatlg
942 _2lcc
_cBK
_h9391
_iOVB
_kPR